Reliez la photo a sa décennie - 19ème siècle - Statistiques

Statistiques générales
  • Ce quiz a été pris 21 fois
  • Le résultat moyen est 3 sur 10
Statistiques - réponses
Hint Réponse % Correct
Années 1800
- Couronnement de Napoléon Ier
- Découverte de Cérès
- Premier véhicule automoteur
- Vente de la Louisiane par la France aux Etats-Unis
- Premier remorqueur
- Indépendance d'Haïti
- Découverte de la morphine
- Dissolution du Saint-Empire romain germanique
69%
Années 1810
- Bataille de Waterloo
- Bataille de la Bérézina
- Invention du Stéthoscope
- Début de la construction du Canal de Chichester
- Bataille de Queenston Heights
- Passage de la Grande Comète
- Parution du livre "Traité des couleurs" sur la sciences des couleurs
- Début de l'utilisation du gaz pour l'éclairage
56%
Années 1820
- Création de "Missa solemnis" par Ludwig van Beethoven
- Essor du métier à tisser mécaniques
- Première photographie
- Fin des guerres d'indépendance hispano-américaines
- Ouverture de la première ligne de chemin de fer avec des locomotives à vapeur
- Création du premier moteur à courant continu
- Découverte de l'Antarctique
- Guerre de Java
38%
Années 1830
- Couronnement de la Rein Victoria
- Révolution de Juillet en France
- Recherches sur l'électricité par Faraday et Daniell
- Voyage de Charles Darwin à bord du HMS Beagle
- Esclavage aux Etats-Unis
- Télégraphe de Chappe
- Première nature morte en photographie
- Ecriture de "La Petite Sirène" par Andersen
38%
Années 1870
- Guerre franco-prussienne
- Grand incendie de Chicago
- Première exposition de l'art Impressionniste
- Guerre des Black Hills
- Premier moteur à quatre temps
- Premier portrait de la Reine Victoria
- Seconde guerre anglo-afghane
- Guerre anglo-zouloue
38%
Années 1860
- Travaux de James Clerk Maxwell sur l'électricité
- Guerre de Boshin
- Création de l'Association internationale des travailleurs a Londres
- Bataille d'Avai durant la guerre de la Triple-Alliance
- Expédition française au Mexique
- Bataille de Gettysburg durant la guerre de Sécession
- Ouverture du Canal de Suez
- Unification italienne
19%
Années 1890
- Grève de Homestead
- Affaire Frank Embree
- Naufrage de l'USS Maine
- Signature du Traité de Paris mettant fin à la guerre hispano-américaine
- Discours de la Croix d'or à Chicago
- Grand Krach boursier
- Première caméra
- Bataille de la Baie de Guantanamo durant la guerre d'indépendance cubaine
13%
Années 1880
- Fusillade d'O.K. Corral
- Création de l'Orient-Express
- Loi d'exclusion des Chinois aux Etats-Unis
- Inondation de Johnstown
- Création de l'entreprise Kodak
- Massacre de Haymarket Square
- "Course à la terre" en Oklahoma
- Bataille d'Abu Klea durant la guerre du Soudan
13%
Années 1850
- Compromis au Sénat américain intégrant la Californie et restitution des esclaves qui ont fuis dans les Etats non esclavagiste aux Etats esclavagistes
- Ecriture de "La Case de l'oncle Tom"
- Guerre de Crimée
- Naufrage de l'Arctic
- Chemin de fer du Panama
- Seconde guerre de l'opium
- Affaire Dred Scott
- Publication de "L'Origine des espèces" par Charles Darwin
6%
Années 1840
- Bataille de Chapultepec
- Signature du Traité de Waitangi
- Extinction du Grand Pingouin
- Fin de la Première guerre de l'opium
- Conquête de l'Ouest
- Invention du Saxophone
- Ecriture du "Manifeste du parto communiste" par Karl Marx
- Révolution du mars à Berlin
0%
Aucun quiz correspondant
Distribution des résultats
% des personnes avec chaque résultat
Percentile par nombre de réponses
Votre historique - résultats
Vous n’avez pas pris ce quiz